000
00240nam a22000977a 4500
008
230704b |||||||| |||| 00| 0 eng d
020
_a
9781783341757
100
_a
Burkett Elinor
_9
7686
245
_a
Golda Meir
260
_a
London
_b
CPI LTD
_c
2021
999
_c
12328
_d
12328